000
00313nam a2200133Ia 4500
008
231017s9999 xx 000 0 und d
082
_a
625.85
082
_b
SAB
245
0
_a
Bituminous Binders for Road Construction and Maintenance
245
0
_c
Sabita
260
_b
Sabita
300
_c
30cm
942
_c
REP
999
_c
604514
_d
604514